[Event "USCL Quarterfinals"]
[Site "Internet Chess Club"]
[Date "2015.11.10"]
[Round "?"]
[White "Winer, Steven"]
[Black "Rozman, Levy"]
[Result "1/2-1/2"]
[WhiteElo "2425"]
[BlackElo "2378"]
[PlyCount "106"]
[EventDate "2015.??.??"]

1. d4 f5 2. g3 Nf6 3. Bg2 g6 4. c4 Bg7 5. Nf3 O-O 6. O-O d6 7. Nc3 Qe8 8. Re1
Qf7 9. e4 fxe4 10. Nxe4 Nc6 11. d5 Nxe4 12. Rxe4 Ne5 13. Rf4 Nxf3+ 14. Rxf3 Qe8
15. Qe2 Rf7 16. Rxf7 Qxf7 17. Bg5 h6 18. Be3 Bd7 19. Qd2 Kh7 20. Re1 b6 21. Be4
Rf8 22. Qc2 Bg4 23. f4 e6 24. Kg2 Re8 25. Bd2 Bf5 26. b3 exd5 27. Bxf5 gxf5 28.
Rxe8 Qxe8 29. Qxf5+ Kh8 30. Kf3 dxc4 31. bxc4 Qa4 32. Qc8+ Kh7 33. Qxc7 Qd1+
34. Ke3 Qg1+ 35. Kd3 Qxh2 36. Qxa7 Qxg3+ 37. Be3 Qg6+ 38. Kd2 Qg2+ 39. Kd3 Qf1+
40. Kd2 Qxc4 41. a4 Qc3+ 42. Ke2 Qc2+ 43. Kf3 d5 44. Bxb6 Qe4+ 45. Kg3 Qg6+ 46.
Kf3 Qd3+ 47. Kg2 h5 48. Qf7 Qe2+ 49. Bf2 Qg4+ 50. Kf1 Qd1+ 51. Kg2 Qg4+ 52. Kf1
Qd1+ 53. Kg2 Qg4+ 1/2-1/2

[Event "USCL Quarterfinals"]
[Site "Internet Chess Club"]
[Date "2015.11.10"]
[Round "?"]
[White "Byambaa, Uyanga"]
[Black "Sanchez, Robert"]
[Result "1-0"]
[WhiteElo "2204"]
[BlackElo "2157"]
[PlyCount "43"]
[EventDate "2015.??.??"]

1. e4 e6 2. d4 d5 3. Nc3 Bb4 4. e5 b6 5. a3 Bxc3+ 6. bxc3 Ba6 7. Qg4 Kf8 8. a4
Bxf1 9. Kxf1 Qd7 10. h4 Ne7 11. Rh3 h5 12. Qg5 Nf5 13. Ne2 Nc6 14. Nf4 g6 15.
Qf6 Rg8 16. f3 Ke8 17. g4 Ng7 18. Rg3 hxg4 19. fxg4 Ne7 20. Rf3 Rc8 21. Nh3 Nc6
22. Bh6 1-0

[Event "USCL Quarterfinals"]
[Site "Internet Chess Club"]
[Date "2015.11.10"]
[Round "?"]
[White "Vigorito, David"]
[Black "Izoria, Zviad"]
[Result "0-1"]
[WhiteElo "2511"]
[BlackElo "2638"]
[PlyCount "88"]
[EventDate "2015.??.??"]

1. Nf3 c5 2. c4 Nc6 3. Nc3 g6 4. e3 Bg7 5. d4 d6 6. Be2 Nf6 7. O-O O-O 8. d5
Na5 9. h3 e5 10. e4 Ne8 11. a3 b6 12. b4 Nb7 13. Rb1 f5 14. Nh2 f4 15. Re1 h5
16. Qc2 Nf6 17. Rb3 Bd7 18. b5 g5 19. f3 Kf7 20. Nd1 Rh8 21. Nf2 a6 22. a4 a5
23. Bb2 Qc7 24. Ra1 Rag8 25. Raa3 Bf8 26. Kf1 Ke8 27. Ke1 Nd8 28. Kd2 Nf7 29.
Qd1 Nh6 30. Kc1 Bc8 31. Kb1 Qh7 32. Ka2 g4 33. hxg4 hxg4 34. Nhxg4 Nhxg4 35.
fxg4 Nxe4 36. Nh3 Ng3 37. Bf3 Qh4 38. Nf2 Kd8 39. Qc2 Nf1 40. Qe2 Nh2 41. Ne4
Bxg4 42. Nd2 Nxf3 43. gxf3 Bf5 44. Bxe5 Qe7 0-1

[Event "USCL Quarterfinals"]
[Site "Internet Chess Club"]
[Date "2015.11.10"]
[Round "?"]
[White "Kacheishvili, Giorgi"]
[Black "Katz, Alexander"]
[Result "1-0"]
[WhiteElo "2672"]
[BlackElo "2464"]
[PlyCount "127"]
[EventDate "2015.??.??"]

1. c4 Nf6 2. Nc3 e6 3. d4 Bb4 4. g3 c5 5. Nf3 Ne4 6. Bd2 Nxd2 7. Qxd2 cxd4 8.
Nxd4 O-O 9. Bg2 Nc6 10. a3 Bc5 11. e3 Bxd4 12. exd4 d5 13. c5 b6 14. b4 Qf6 15.
Rd1 bxc5 16. dxc5 Qe5+ 17. Qe3 Rb8 18. b5 Qxe3+ 19. fxe3 Ne5 20. a4 Bd7 21. O-O
Rfc8 22. c6 Bxc6 23. bxc6 Rxc6 24. Rb1 Rxb1 25. Rxb1 g5 26. Rb3 Ng4 27. Ne2 Rc4
28. h3 Ne5 29. Nc3 g4 30. Bf1 Rc5 31. Kg2 h5 32. Be2 Kg7 33. h4 Nc6 34. Kf2 d4
35. Nb5 dxe3+ 36. Rxe3 a6 37. Nd6 Nd4 38. Re4 e5 39. Ne8+ Kg6 40. Bxa6 f5 41.
Re3 f4 42. Bd3+ Kf7 43. gxf4 Kxe8 44. Rxe5+ Rxe5 45. fxe5 Nf3 46. Bg6+ Ke7 47.
Kg3 Nxe5 48. Bxh5 Kf6 49. Bxg4 Nd3 50. a5 Nc5 51. Kf4 Na6 52. Bf3 Nb4 53. Be4
Na6 54. h5 Nb4 55. h6 Na6 56. Ke3 Nc5 57. Bc2 Na6 58. Kd4 Nb4 59. Be4 Na6 60.
Kc4 Nc7 61. Kc5 Na6+ 62. Kb5 Nb8 63. h7 Kg7 64. Bf5 1-0

[Event "USCL Quarterfinals"]
[Site "Internet Chess Club"]
[Date "2015.11.10"]
[Round "?"]
[White "Jacobson, Brandon"]
[Black "Checa, Nicolas"]
[Result "1/2-1/2"]
[WhiteElo "2192"]
[BlackElo "2436"]
[PlyCount "171"]
[EventDate "2015.??.??"]

1. d4 d5 2. c4 c6 3. Nf3 Nf6 4. e3 Bf5 5. Nc3 a6 6. Qb3 Ra7 7. Nh4 Bc8 8. a4 g6
9. Be2 Bg7 10. O-O O-O 11. a5 Nfd7 12. cxd5 cxd5 13. Nf3 Nc6 14. Qa4 Nf6 15.
Ne5 Bd7 16. Nxd7 Qxd7 17. b4 Rc8 18. Bb2 e6 19. Rfc1 Ne8 20. Qb3 Nd6 21. b5
axb5 22. Nxb5 Rxa5 23. Nxd6 Rxa1 24. Bxa1 Qxd6 25. Qxb7 Rc7 26. Qb6 Bf8 27. Bb5
Qa3 28. Rf1 Qa5 29. Qxa5 Nxa5 30. Bd3 h5 31. g3 Nb3 32. Rb1 Nd2 33. Rd1 Bb4 34.
Kg2 Ra7 35. Rc1 Ra3 36. Be2 Ra2 37. Bd3 Ra3 38. Be2 Nb3 39. Rc8+ Kg7 40. Bc3
Be7 41. Rc7 Bd6 42. Rc6 Bf8 43. Bd1 Na5 44. Bxa5 Rxa5 45. Rc7 Ra1 46. Be2 Bd6
47. Rb7 Ra2 48. Bb5 Kf8 49. Bd3 g5 50. Rb6 Ke7 51. Rc6 Rd2 52. Bb1 f5 53. Rc2
Rd1 54. Ba2 f4 55. Re2 Kf6 56. Bb3 Rb1 57. Bc2 Rc1 58. Bb3 h4 59. gxf4 gxf4 60.
h3 Bf8 61. Kf3 Bh6 62. Rc2 Rb1 63. Ba2 Re1 64. Rc6 fxe3 65. Bxd5 exf2 66. Kxf2
Re3 67. Bf3 Ke7 68. Bg4 Bf4 69. Rxe6+ Rxe6 70. Bxe6 Kxe6 71. Kf3 Kf5 72. d5 Be5
73. Kg2 Bd6 74. Kh1 Kf4 75. Kg2 Ke3 76. Kh1 Kf3 77. Kg1 Kg3 78. Kh1 Kxh3 79.
Kg1 Kg3 80. Kh1 Kh3 81. Kg1 Be5 82. Kh1 Bh2 83. d6 Bxd6 84. Kg1 Kg3 85. Kh1 Kh3
86. Kg1 1/2-1/2

[Event "USCL Quarterfinals"]
[Site "Internet Chess Club"]
[Date "2015.11.10"]
[Round "?"]
[White "Nakada, Akira"]
[Black "Arun, Siddharth"]
[Result "0-1"]
[WhiteElo "2035"]
[BlackElo "2228"]
[PlyCount "148"]
[EventDate "2015.??.??"]

1. d4 Nf6 2. c4 c5 3. d5 e6 4. Nc3 exd5 5. cxd5 d6 6. Nf3 g6 7. Bf4 Bg7 8. Qa4+
Bd7 9. Qb3 Qc7 10. h3 O-O 11. Nd2 Nh5 12. Bh2 Re8 13. g4 Nf6 14. Nc4 Bf8 15.
Bg2 h6 16. O-O Na6 17. e4 Nb4 18. e5 dxe5 19. f4 b5 20. fxe5 bxc4 21. Qxc4 Rxe5
22. d6 Bxd6 23. Bxa8 Re6 24. Bxd6 Qxd6 25. Qf4 Qd4+ 26. Kh2 Nd3 27. Qg3 h5 28.
Bf3 Re3 29. Qb8+ Re8 30. Qg3 hxg4 31. hxg4 Bxg4 32. Rad1 Re3 33. Kg2 Qb4 34.
Rb1 Bf5 35. Qd6 Kg7 36. Qxf6+ Kxf6 37. Nd5+ Kg5 38. Nxb4 cxb4 39. Rbd1 Nxb2 40.
Rd5 Nc4 41. Rc1 Ne5 42. Rf1 Ra3 43. Rxe5 Rxa2+ 44. Rf2 Ra3 45. Be4 Re3 46. Rb2
Rxe4 47. Rxe4 Bxe4+ 48. Kf2 a5 49. Ra2 b3 50. Rxa5+ f5 51. Rb5 Bc2 52. Ke3 Kg4
53. Rb4+ Kg3 54. Ke2 g5 55. Kf1 g4 56. Ke2 f4 57. Kf1 Kf3 58. Kg1 g3 59. Kf1
Ke3 60. Kg2 Be4+ 61. Kg1 f3 62. Rxb3+ Bd3 63. Rxd3+ Kxd3 64. Kf1 Ke3 65. Kg1
Ke2 66. Kh1 f2 67. Kg2 f1=Q+ 68. Kxg3 Qf3+ 69. Kh4 Qg2 70. Kh5 Kf3 71. Kh6 Kf4
72. Kh7 Kf5 73. Kh8 Kf6 74. Kh7 Qg7# 0-1

[Event "USCL Quarterfinals"]
[Site "Internet Chess Club"]
[Date "2015.11.10"]
[Round "?"]
[White "Vaidya, Atulya"]
[Black "Banik, Siddharth"]
[Result "1-0"]
[WhiteElo "2271"]
[BlackElo "2258"]
[PlyCount "67"]
[EventDate "2015.??.??"]

1. d4 Nf6 2. c4 g6 3. Nc3 Bg7 4. e4 d6 5. Be2 O-O 6. Nf3 e5 7. Be3 c6 8. d5 Na6
9. Nd2 Ne8 10. a3 f5 11. f3 Bh6 12. Bf2 Nc5 13. b4 fxe4 14. Ndxe4 Nxe4 15. Nxe4
Bf5 16. c5 Bxe4 17. fxe4 Nf6 18. dxc6 bxc6 19. Qd3 d5 20. exd5 Nxd5 21. O-O
Rxf2 22. Rxf2 Be3 23. Bf3 Bxf2+ 24. Kxf2 Qf6 25. Rd1 Re8 26. Kg1 Nf4 27. Qe4
Rf8 28. Qxc6 Qg5 29. Kh1 Rd8 30. Rd7 Rf8 31. g3 Nh3 32. Qe6+ Kh8 33. Qxh3 Rxf3
34. Qxh7# 1-0

[Event "USCL Quarterfinals"]
[Site "Internet Chess Club"]
[Date "2015.11.10"]
[Round "?"]
[White "Liu, Elliott"]
[Black "Finegold, Spencer"]
[Result "1-0"]
[WhiteElo "2329"]
[BlackElo "2187"]
[PlyCount "63"]
[EventDate "2015.??.??"]

1. e4 e5 2. Nf3 Nc6 3. Bb5 a6 4. Ba4 Nf6 5. O-O b5 6. Bb3 Bb7 7. Re1 Be7 8. c3
O-O 9. d4 d6 10. Nbd2 h6 11. Nf1 Re8 12. Ng3 Bf8 13. a4 exd4 14. cxd4 Na5 15.
Bc2 Nc4 16. b3 Nb6 17. a5 Nbd7 18. Bb2 c5 19. e5 Nd5 20. Qd3 g6 21. e6 Nf4 22.
exf7+ Kxf7 23. Rxe8 Qxe8 24. Qd2 g5 25. Re1 Qd8 26. dxc5 dxc5 27. Ne4 Kg8 28.
Qxd7 Bxe4 29. Qxd8 Rxd8 30. Bxe4 Bg7 31. Bxg7 Kxg7 32. g3 1-0

[Event "USCL Quarterfinals"]
[Site "Internet Chess Club"]
[Date "2015.11.10"]
[Round "?"]
[White "Bhat, Vinay"]
[Black "Xiong, Jeffery"]
[Result "0-1"]
[WhiteElo "2570"]
[BlackElo "2616"]
[PlyCount "70"]
[EventDate "2015.??.??"]

1. e4 c5 2. Nc3 d6 3. f4 g6 4. Nf3 Bg7 5. g3 Nc6 6. d3 Nf6 7. Bg2 O-O 8. O-O
Bd7 9. h3 Nd4 10. Be3 Nxf3+ 11. Qxf3 Bc6 12. Qf2 Nd7 13. Rab1 Rc8 14. a3 b5 15.
Ne2 Qa5 16. c3 Qa6 17. Rfd1 Nf6 18. g4 c4 19. Ng3 cxd3 20. Bxa7 d5 21. exd5
Nxd5 22. Be3 Rfd8 23. Bf1 e5 24. fxe5 Nxe3 25. Qxe3 Bxe5 26. Rxd3 Bb8 27. Nf5
Rxd3 28. Bxd3 Re8 29. Nh6+ Kg7 30. Nf5+ Kg8 31. Nh6+ Kf8 32. Qc5+ Kg7 33. Rf1
f6 34. Rxf6 Kxf6 35. Qf2+ Kg7 0-1

[Event "USCL Quarterfinals"]
[Site "Internet Chess Club"]
[Date "2015.11.10"]
[Round "?"]
[White "Bromberg, Joshua"]
[Black "Jacobson, Aaron"]
[Result "1/2-1/2"]
[WhiteElo "2004"]
[BlackElo "2211"]
[PlyCount "256"]
[EventDate "2015.??.??"]

1. e4 c6 2. d4 d5 3. Nd2 dxe4 4. Nxe4 Bf5 5. Ng3 Bg6 6. Nh3 e6 7. Nf4 Bd6 8. c3
Qh4 9. Qf3 Nf6 10. Nxg6 hxg6 11. Bd3 O-O 12. Ne4 Nxe4 13. Qxe4 Qxe4+ 14. Bxe4
Nd7 15. O-O a5 16. a4 Nb6 17. Re1 Rfd8 18. b3 Rac8 19. Be3 Rd7 20. Red1 Rcd8
21. g3 Be7 22. h4 Bf6 23. Bf3 Nd5 24. Rac1 Ne7 25. Kf1 Rc8 26. Ke2 b5 27. Ra1
Rb7 28. axb5 Rxb5 29. Ra3 Rcb8 30. Kd3 Rxb3 31. Rxa5 Nd5 32. Rc5 Ra3 33. Bxd5
cxd5 34. Bf4 Rb7 35. Rd2 Ra8 36. Rc2 Be7 37. Rc6 Kf8 38. Rc7 Rxc7 39. Bxc7 Ke8
40. c4 dxc4+ 41. Rxc4 Ra2 42. Rc2 Rxc2 43. Kxc2 Kd7 44. Bf4 Kc6 45. Kd3 Kd5 46.
Be3 Bd6 47. f4 f5 48. Bf2 Bb4 49. Ke3 Kc4 50. Kf3 Bc3 51. Be3 Bxd4 52. Bd2 Kd3
53. Bb4 Bc3 54. Bd6 Kd2 55. Bc7 Ke1 56. Bb6 Kf1 57. Be3 Bf6 58. Bf2 Bc3 59. Be3
Ke1 60. Bf2+ Kd2 61. Bb6 Kd3 62. Bc7 Bd4 63. Bb8 Kd2 64. Bc7 Ke1 65. Kg2 Ke2
66. Bd6 Ke3 67. Bc7 Ke4 68. Bd6 e5 69. fxe5 Bxe5 70. Bb4 Ke3 71. Bc5+ Ke2 72.
Bb6 Bf6 73. Bc7 g5 74. hxg5 Bxg5 75. Bb6 Bf6 76. Bc7 Be7 77. Bb8 Bc5 78. Be5 g6
79. Bf4 Bd4 80. Bd6 Ke3 81. Ba3 Be5 82. Bc1+ Ke2 83. Bg5 Bd6 84. Bc1 Bc7 85.
Bg5 Be5 86. Bc1 Bc7 87. Bg5 Bd6 88. Bc1 Be7 89. Bf4 Bf6 90. Bc7 Ke3 91. Bf4+
Ke4 92. Bc1 Be5 93. Bg5 Bg7 94. Bc1 Bf6 95. Bd2 Kd3 96. Bf4 Ke2 97. Bd6 Bc3 98.
Bf4 Be1 99. Be5 Ke3 100. Bf4+ Ke2 101. Bd6 Ke3 102. Bf4+ Ke4 103. Bg5 Bc3 104.
Bf4 Be5 105. Bg5 Ba1 106. Kf2 Bd4+ 107. Ke2 Bc5 108. Bf4 Be7 109. Bc7 Bc5 110.
Bf4 Bd4 111. Bg5 Bb6 112. Bf4 Bd8 113. Bd6 Bf6 114. Kf2 Kd5 115. Bc7 Ke4 116.
Bf4 Bd4+ 117. Kg2 Be3 118. Bc7 Bh6 119. Kf2 Bg7 120. Bd8 Bf8 121. Bg5 Bd6 122.
Kg2 Be5 123. Kf2 Bd4+ 124. Kg2 Be3 125. Bd8 Bh6 126. Kf2 Be3+ 127. Kg2 g5 128.
Bc7 Bd2 1/2-1/2

[Event "USCL Quarterfinals"]
[Site "Internet Chess Club"]
[Date "2015.11.10"]
[Round "?"]
[White "Akobian, Varuzhan"]
[Black "Aldama, Dionisio"]
[Result "1-0"]
[WhiteElo "2721"]
[BlackElo "2547"]
[PlyCount "99"]
[EventDate "2015.??.??"]

1. d4 Nf6 2. c4 g6 3. Nc3 Bg7 4. Nf3 O-O 5. Bg5 h6 6. Bh4 d6 7. e3 g5 8. Bg3
Nh5 9. Bd3 e6 10. a3 Bd7 11. Nd2 Nxg3 12. hxg3 c5 13. d5 exd5 14. cxd5 Na6 15.
g4 Qc8 16. f3 Re8 17. Kf2 Rb8 18. Nde4 Qc7 19. Qe2 b5 20. Nxb5 Bxb5 21. Bxb5
Qa5 22. Nxd6 Red8 23. b4 Qb6 24. Nxf7 Kxf7 25. Bxa6 Bxa1 26. Rxa1 cxb4 27. axb4
Qxb4 28. Ra2 Kg7 29. Qd3 Qe7 30. Qd4+ Qf6 31. Qxa7+ Kh8 32. Bd3 Qg7 33. Qxg7+
Kxg7 34. e4 Kf6 35. Ke3 Rb4 36. Ra6+ Kg7 37. Ra7+ Kg8 38. Rc7 Ra8 39. d6 Kf8
40. e5 Re8 41. Rc5 Rd8 42. Bc4 Rb1 43. Rc7 Re1+ 44. Kd4 Rd1+ 45. Kc5 Rc1 46. g3
Rc3 47. f4 Rc1 48. f5 Rc2 49. f6 Ra8 50. e6 1-0

[Event "USCL Quarterfinals"]
[Site "Internet Chess Club"]
[Date "2015.11.10"]
[Round "?"]
[White "Troff, Kayden"]
[Black "Nyzhnyk, Illya"]
[Result "0-1"]
[WhiteElo "2619"]
[BlackElo "2725"]
[PlyCount "134"]
[EventDate "2015.??.??"]

1. d4 d5 2. c4 c6 3. Nf3 Nf6 4. Nc3 e6 5. e3 Nbd7 6. a4 Bd6 7. a5 O-O 8. Be2 e5
9. O-O e4 10. Nd2 Re8 11. c5 Bc7 12. b4 a6 13. Na4 Nf8 14. Nb6 Rb8 15. Nxc8
Qxc8 16. Ra3 Ng6 17. f4 exf3 18. Nxf3 Re7 19. Bd3 Qg4 20. h3 Qg3 21. Qe1 Rbe8
22. Qxg3 Bxg3 23. Bf5 Nh4 24. Bc2 h6 25. Kh1 Ne4 26. Kg1 Nf5 27. Bxe4 dxe4 28.
Nd2 g6 29. Nc4 Re6 30. Bd2 h5 31. Be1 Bc7 32. Ra2 h4 33. Bf2 Rd8 34. Rd2 Kg7
35. Rfd1 Rd5 36. Nb2 g5 37. Na4 Kg6 38. Nc3 Ne7 39. Be1 f5 40. Nxd5 Nxd5 41.
Re2 Bg3 42. Bd2 Rf6 43. Rf1 Kf7 44. Ra1 Ke6 45. Rc1 Rf7 46. Be1 Nc7 47. Bf2 Kd5
48. Rf1 Ne6 49. Rfe1 Nc7 50. Rf1 Kc4 51. Rc1+ Kb5 52. Be1 Nd5 53. Bd2 Re7 54.
Rf1 f4 55. Bc1 Kc4 56. Rc2+ Kd3 57. Rd2+ Kc3 58. Re2 fxe3 59. Bxe3 Kd3 60. Bxg5
Kxe2 61. Bxe7 Nxe7 62. Rf7 Nd5 63. b5 cxb5 64. Rxb7 e3 65. Ra7 Kd2 66. Rxa6 e2
67. Re6 Ne3 0-1

[Event "USCL Quarterfinals"]
[Site "Internet Chess Club"]
[Date "2015.11.10"]
[Round "?"]
[White "Holt, Conrad"]
[Black "Naroditsky, Daniel"]
[Result "1/2-1/2"]
[WhiteElo "2615"]
[BlackElo "2711"]
[PlyCount "141"]
[EventDate "2015.??.??"]

1. d4 Nf6 2. c4 e6 3. Nf3 d5 4. Nc3 Bb4 5. Qa4+ Nc6 6. e3 O-O 7. Bd2 Bd7 8. Qc2
dxc4 9. Bxc4 Bd6 10. O-O a6 11. h3 b5 12. Be2 e5 13. d5 Ne7 14. e4 c6 15. dxc6
Bxc6 16. Bg5 Ng6 17. Rfd1 h6 18. Qd2 Be7 19. Qe3 Qc8 20. Bxf6 Bxf6 21. Rac1 Qb7
22. Nd5 Bxd5 23. Rxd5 Nf4 24. Rdc5 Rac8 25. Bf1 Ne6 26. Rxc8 Rxc8 27. Rxc8+
Qxc8 28. Bd3 Bg5 29. Qe1 Qc5 30. g3 Bd8 31. Qd2 Bb6 32. Kf1 Nd4 33. Nxd4 Qxd4
34. Qe3 Qd7 35. Qf3 Qxh3+ 36. Ke2 Qc8 37. Qh1 Qc5 38. Qe1 Qd4 39. b3 Qb2+ 40.
Qd2 Qxd2+ 41. Kxd2 Bxf2 42. g4 g6 43. Ke2 Bd4 44. a4 bxa4 45. bxa4 a5 46. Kf3
Bb2 47. Bc4 Kg7 48. Bb5 Bc1 49. Bc6 Bf4 50. Bb5 Kf6 51. Bc4 Ke7 52. Bd5 Bg5 53.
Bc4 Bf4 54. Bb5 Bg5 55. Bc4 h5 56. gxh5 gxh5 57. Bf1 Kd6 58. Bh3 Kc5 59. Bd7
Kb4 60. Be8 h4 61. Kg4 Be7 62. Bd7 f5+ 63. exf5 Kc3 64. Bc6 Kd3 65. Kf3 h3 66.
Bb5+ Kd2 67. Bc6 Kd3 68. Bb5+ Kd4 69. Kg3 e4 70. Kxh3 Ke3 71. Kg2 1/2-1/2

[Event "USCL Quarterfinals"]
[Site "Internet Chess Club"]
[Date "2015.11.10"]
[Round "?"]
[White "Rosenthal, Nicholas"]
[Black "Moskow, Eric"]
[Result "1-0"]
[WhiteElo "2162"]
[BlackElo "2100"]
[PlyCount "101"]
[EventDate "2015.??.??"]

1. e4 c5 2. Nc3 Nc6 3. g3 g6 4. d3 Bg7 5. Be3 d6 6. Qd2 Rb8 7. Bg2 b5 8. Nge2
Nd4 9. Nd1 Bg4 10. Ng1 Bxd1 11. Rxd1 b4 12. c3 bxc3 13. bxc3 Nb5 14. Ne2 Nf6
15. h3 O-O 16. O-O Qa5 17. d4 Nd7 18. dxc5 Nxc5 19. c4 Qxd2 20. Rxd2 Nc3 21.
Nxc3 Bxc3 22. Rd5 Rfc8 23. f4 f6 24. Rc1 Bb2 25. Rc2 Rc7 26. Rdd2 Ba3 27. e5
fxe5 28. fxe5 dxe5 29. Rd5 e4 30. Kh2 Rbc8 31. h4 e6 32. Re5 Rc6 33. Bh3 Re8
34. h5 Nd7 35. Rxe4 Nf6 36. Re5 Nxh5 37. Ra5 Bd6 38. Bf2 Bb8 39. c5 Nf6 40. Rb5
Nd5 41. Rb7 Bc7 42. Re2 Ra6 43. Bg2 Rc8 44. Bxd5 exd5 45. Re7 Rxa2 46. Kg1 Rf8
47. Bd4 Rf3 48. Rg7+ Kf8 49. Rgxc7 Rxg3+ 50. Kf1 Rf3+ 51. Ke1 1-0

[Event "USCL Semifinals"]
[Site "Internet Chess Club"]
[Date "2015.11.18"]
[Round "?"]
[White "Kumar, Aravind"]
[Black "Nakada, Akira"]
[Result "1/2-1/2"]
[WhiteElo "2286"]
[BlackElo "2035"]
[PlyCount "98"]
[EventDate "2015.??.??"]

1. d4 Nf6 2. Nf3 e6 3. e3 d5 4. Bd3 Bd6 5. O-O O-O 6. Nbd2 b6 7. e4 dxe4 8.
Nxe4 Bb7 9. Bg5 Be7 10. Bxf6 Bxf6 11. c3 Nd7 12. Bc2 Qe7 13. Qd3 g6 14. Qe3 Bg7
15. Rfe1 c5 16. Rad1 Rfd8 17. dxc5 Nxc5 18. h3 Rac8 19. Qf4 Nxe4 20. Bxe4 Rc4
21. Rxd8+ Qxd8 22. Qd2 Qxd2 23. Nxd2 Rc7 24. Bxb7 Rxb7 25. Kf1 Kf8 26. Ke2 Bh6
27. Rd1 Bxd2 28. Rxd2 Ke7 29. Ke3 Rc7 30. Rd4 h5 31. Ke4 Rc5 32. Ra4 a5 33. Rd4
Rg5 34. Kf3 Rf5+ 35. Ke3 Re5+ 36. Re4 Rd5 37. Rc4 Re5+ 38. Kf3 Kd7 39. Rd4+ Ke7
40. h4 Re1 41. Rc4 Kd7 42. Rd4+ Ke7 43. Rc4 Kd7 44. b4 axb4 45. cxb4 Ra1 46.
Rd4+ Ke7 47. Rc4 Kd7 48. Rd4+ Ke7 49. Rc4 Kd7 1/2-1/2

[Event "USCL Semifinals"]
[Site "Internet Chess Club"]
[Date "2015.11.18"]
[Round "?"]
[White "Rozman, Levy"]
[Black "Subervi, Jonathan"]
[Result "1-0"]
[WhiteElo "2378"]
[BlackElo "2297"]
[PlyCount "110"]
[EventDate "2015.??.??"]

1. c4 Nf6 2. Nc3 c5 3. g3 Nc6 4. Bg2 g6 5. a3 Bg7 6. Rb1 a5 7. d3 O-O 8. Bg5 h6
9. Bd2 e6 10. Nf3 d5 11. O-O d4 12. Na4 Nd7 13. e3 e5 14. Re1 Re8 15. Qb3 Kh7
16. Qb5 Na7 17. Qb3 Nc6 18. exd4 exd4 19. Bf4 Rxe1+ 20. Rxe1 Bf8 21. g4 Ra6 22.
g5 hxg5 23. Nxg5+ Kg8 24. h4 Ne7 25. Qd1 Nf5 26. Bd5 Nh6 27. Qf3 Nf6 28. Bxb7
Bg4 29. Qg2 Ra7 30. Bf3 Bxf3 31. Qxf3 Nf5 32. Bg3 Bd6 33. Bxd6 Qxd6 34. Ne4
Nxe4 35. Qxe4 Re7 36. Qa8+ Kg7 37. Rxe7 Qxe7 38. Qe4 Qc7 39. h5 Qd8 40. Qe5+
Kh7 41. hxg6+ fxg6 42. Nxc5 Qg5+ 43. Kh1 Qh5+ 44. Qh2 Nh4 45. Qh3 g5 46. Ne4
Kh6 47. f3 Nxf3 48. Qxh5+ Kxh5 49. b4 axb4 50. axb4 Kg6 51. c5 Kf5 52. c6 Ke6
53. Nf6 Kd6 54. b5 Kc7 55. Ne8+ Kb8 1-0

[Event "USCL Semifinals"]
[Site "Internet Chess Club"]
[Date "2015.11.18"]
[Round "?"]
[White "Nyzhnyk, Illya"]
[Black "Holt, Conrad"]
[Result "1/2-1/2"]
[WhiteElo "2725"]
[BlackElo "2615"]
[PlyCount "88"]
[EventDate "2015.??.??"]

1. e4 e6 2. d4 d5 3. exd5 exd5 4. Nf3 Bd6 5. c4 Nf6 6. Nc3 dxc4 7. Bxc4 O-O 8.
O-O Nc6 9. h3 h6 10. Qc2 Na5 11. Bd3 Be6 12. Re1 Re8 13. Ne5 Nc6 14. Nxc6 bxc6
15. a3 Qd7 16. Ne4 Nxe4 17. Bxe4 Bf5 18. Bd2 Rxe4 19. Rxe4 Bxe4 20. Qxe4 Re8
21. Qc2 Re2 22. Kf1 Qe8 23. Qd3 Re6 24. Rc1 Qb8 25. b4 Qb7 26. Qc4 Be7 27. a4
Bg5 28. Bxg5 hxg5 29. Re1 Rxe1+ 30. Kxe1 Qb8 31. Kd2 Qe8 32. f3 Qe7 33. Kd3 g6
34. Qxc6 Qxb4 35. Qe8+ Kg7 36. Qb5 Qa3+ 37. Ke4 Qa2 38. Qe5+ Kg8 39. Qxg5 Qc2+
40. Ke5 Qe2+ 41. Kd5 Qa2+ 42. Ke5 Qe2+ 43. Kd5 Qa2+ 44. Ke5 Qe2+ 1/2-1/2

[Event "USCL Semifinals"]
[Site "Internet Chess Club"]
[Date "2015.11.18"]
[Round "?"]
[White "Li, Ruifeng"]
[Black "Akobian, Varuzhan"]
[Result "0-1"]
[WhiteElo "2502"]
[BlackElo "2721"]
[PlyCount "86"]
[EventDate "2015.??.??"]

1. e4 e6 2. d4 d5 3. Nc3 Nf6 4. Bg5 dxe4 5. Nxe4 Be7 6. Bxf6 gxf6 7. Nf3 f5 8.
Nc3 a6 9. Qe2 b5 10. O-O-O b4 11. Na4 Qd5 12. Qc4 Bb7 13. Qxc7 Bd6 14. Qc4 Nd7
15. Qxd5 Bxd5 16. b3 Rg8 17. Ne1 Ke7 18. Be2 Rad8 19. Bf3 Bxf3 20. gxf3 Bf4+
21. Kb1 Ne5 22. c4 bxc3 23. Nxc3 Nc6 24. Nc2 Rg2 25. d5 Ne5 26. Rd4 Rxf2 27.
Rxf4 Rc8 28. Rc4 Nxc4 29. bxc4 Rxc4 30. Kb2 Rxf3 31. Nd1 Rh4 32. Nde3 Rfh3 33.
Nf1 Rf4 34. dxe6 fxe6 35. Nfe3 Rf2 36. Re1 Rhxh2 37. Rc1 h5 38. Kb1 h4 39. Nc4
Rxc2 40. Rxc2 Rxc2 41. Kxc2 h3 42. Ne5 h2 43. Ng6+ Kf6 0-1

[Event "USCL Semifinals"]
[Site "Internet Chess Club"]
[Date "2015.11.18"]
[Round "?"]
[White "Ramachandran, Karthik"]
[Black "Rosenthal, Nicholas"]
[Result "0-1"]
[WhiteElo "2215"]
[BlackElo "2162"]
[PlyCount "108"]
[EventDate "2015.??.??"]

1. e4 e6 2. d4 d5 3. Nc3 Nf6 4. e5 Nfd7 5. f4 c5 6. Nf3 Nc6 7. Be3 a6 8. Qd2 b5
9. dxc5 Bxc5 10. Bd3 d4 11. Nxd4 Nxd4 12. Be4 Nb6 13. b3 Ra7 14. O-O-O Rd7 15.
Qf2 f5 16. b4 Nc4 17. bxc5 Qa5 18. Nb1 Ne2+ 19. Qxe2 Qxa2 20. Rxd7 Qb2+ 21. Kd1
Bxd7 22. c6 Qxb1+ 23. Bc1 Bxc6 24. Bxc6+ Ke7 25. Qd3 Rd8 26. Ke2 Rxd3 27. Ba3+
Nxa3 28. Rxb1 Rc3 29. Rb3 Rxc2+ 30. Kd3 Rxc6 31. Rxa3 Kd7 32. Kd2 Kc8 33. Rh3
h6 34. Rg3 Rc7 35. Rg6 Re7 36. Kc3 Kc7 37. Rg3 Kb6 38. Rd3 Rc7+ 39. Kb3 a5 40.
Rd6+ Rc6 41. Rd7 a4+ 42. Kb2 g5 43. Rh7 gxf4 44. Rxh6 Ka5 45. Rh4 Rc4 46. Rh6
Kb4 47. Rxe6 a3+ 48. Kb1 Kb3 49. Ra6 Re4 50. Kc1 a2 51. e6 Ra4 52. Rxa4 bxa4
53. e7 a1=Q+ 54. Kd2 Qe5 0-1

[Event "USCL Semifinals"]
[Site "Internet Chess Club"]
[Date "2015.11.18"]
[Round "?"]
[White "Lenderman, Alex"]
[Black "Paragua, Mark"]
[Result "1-0"]
[WhiteElo "2728"]
[BlackElo "2638"]
[PlyCount "127"]
[EventDate "2015.??.??"]

1. d4 f5 2. Bg5 g6 3. e3 Bg7 4. Nd2 Nf6 5. Bc4 d6 6. f4 c5 7. c3 Nc6 8. dxc5
dxc5 9. Ngf3 a6 10. a4 Qc7 11. Qe2 h6 12. Bh4 e5 13. e4 Nxe4 14. Nxe4 fxe4 15.
Qxe4 Bf5 16. Qe3 Na5 17. Bd5 g5 18. fxg5 O-O-O 19. Be4 Bxe4 20. Qxe4 Rdf8 21.
Bg3 Qc6 22. Qg4+ Kb8 23. gxh6 Qxh6 24. O-O Ka8 25. Rad1 Nc6 26. Qe4 Rd8 27. Bf2
Qe6 28. Bxc5 Qb3 29. Rxd8+ Rxd8 30. Ba3 Bf8 31. Bxf8 Rxf8 32. Qe2 Qxa4 33. Re1
Qb3 34. Qf2 Rf4 35. Qd2 Rf8 36. h3 Rd8 37. Qe2 e4 38. Ng5 e3 39. Nf3 a5 40. Kh2
Re8 41. Rd1 Qb6 42. Rd5 a4 43. h4 Qc7+ 44. g3 Qf7 45. Rd3 Qe7 46. Kg2 Ka7 47.
h5 Qe6 48. Rd1 Qe4 49. Re1 Qe6 50. Qd3 Ka8 51. Re2 Qg4 52. Qg6 Qc8 53. h6 Rg8
54. Qd6 Qf5 55. Rxe3 Rd8 56. Nd4 Qb1 57. Nxc6 Qc2+ 58. Kh3 Qf5+ 59. Kh4 Rg8 60.
Qf4 Qc2 61. Re2 Qxe2 62. Qxa4+ Qa6 63. Qxa6+ bxa6 64. Ne5 1-0

[Event "USCL Semifinals"]
[Site "Internet Chess Club"]
[Date "2015.11.18"]
[Round "?"]
[White "Finegold, Spencer"]
[Black "Vaidya, Atulya"]
[Result "0-1"]
[WhiteElo "2187"]
[BlackElo "2271"]
[PlyCount "106"]
[EventDate "2015.??.??"]

1. d4 Nf6 2. c4 g6 3. Nc3 Bg7 4. e4 d6 5. Nf3 O-O 6. Be2 e5 7. d5 a5 8. h3 Na6
9. Bg5 Qe8 10. Nd2 Kh8 11. h4 h6 12. Be3 Nh7 13. g4 f5 14. gxf5 gxf5 15. exf5
Bxf5 16. Nde4 Nf6 17. Bf3 Qg6 18. h5 Qh7 19. Ng5 hxg5 20. h6 Bxh6 21. Bxg5 Bxg5
22. Rxh7+ Bxh7 23. Be4 Nxe4 24. Nxe4 Bxe4 25. Qh5+ Bh7 26. Qxg5 Nb4 27. Ke2 Rf7
28. Rh1 Raf8 29. Rh2 Nc2 30. Kd1 Nd4 31. Qh6 Rg8 32. Rh1 Rgg7 33. Qh4 Rf8 34.
b3 Kg8 35. Kc1 a4 36. bxa4 Nf3 37. Qh6 Nd4 38. Qh4 Kh8 39. Kb2 Rgf7 40. Kc1 Nf3
41. Qh6 Rg7 42. a5 Ng5 43. Rh2 Rf4 44. Kb2 Nf7 45. Qe6 Rg1 46. Qc8+ Kg7 47.
Qxc7 Rf3 48. Rxh7+ Kxh7 49. Qxb7 Rxf2+ 50. Ka3 Rg3+ 51. Qb3 Rxb3+ 52. axb3 Nd8
53. b4 e4 0-1